000 00463nam a2200205Ia 4500
001 13337
003 GE_BSU
008 181216s||||||||xx |||||||||||||| ||und||
020 _a1851522476
040 _cGE_BSU
080 _a821.111-32
100 _aKing,Stephen.
245 4 _aThe Shininc.Carrie.Misery.
260 _aLondon.
260 _bChancellor press.
260 _c1987
300 _a686p;23cm.
653 _aThe Shininc.Carrie.Misery.
942 _cBK
999 _c46498
_d46498